<?xml version="1.0" encoding="UTF-8"?>
<record
    xmlns:xsi="http://www.w3.org/2001/XMLSchema-instance"
    xsi:schemaLocation="http://www.loc.gov/MARC21/slim http://www.loc.gov/standards/marcxml/schema/MARC21slim.xsd"
    xmlns="http://www.loc.gov/MARC21/slim">

  <leader>01744nam a22002657a 4500</leader>
  <controlfield tag="005">20250808162444.0</controlfield>
  <controlfield tag="008">241126b           ||||| |||| 00| 0 eng d</controlfield>
  <datafield tag="020" ind1=" " ind2=" ">
    <subfield code="a">9788193465592</subfield>
  </datafield>
  <datafield tag="040" ind1=" " ind2=" ">
    <subfield code="c">AL</subfield>
  </datafield>
  <datafield tag="041" ind1=" " ind2=" ">
    <subfield code="a">English</subfield>
  </datafield>
  <datafield tag="082" ind1=" " ind2=" ">
    <subfield code="2">23</subfield>
    <subfield code="a">620.8</subfield>
    <subfield code="b">KUMB</subfield>
  </datafield>
  <datafield tag="100" ind1=" " ind2=" ">
    <subfield code="a">Pranav Kumar and others</subfield>
    <subfield code="9">234747</subfield>
  </datafield>
  <datafield tag="245" ind1=" " ind2=" ">
    <subfield code="a">Biotechnology: A problem approach</subfield>
  </datafield>
  <datafield tag="250" ind1=" " ind2=" ">
    <subfield code="a">6</subfield>
  </datafield>
  <datafield tag="260" ind1=" " ind2=" ">
    <subfield code="a">New Delhi</subfield>
    <subfield code="b">Pathfinder Publication</subfield>
    <subfield code="c">20245</subfield>
  </datafield>
  <datafield tag="300" ind1=" " ind2=" ">
    <subfield code="a">1070 p.</subfield>
    <subfield code="b">PB</subfield>
    <subfield code="c">28x21 cm.</subfield>
  </datafield>
  <datafield tag="365" ind1=" " ind2=" ">
    <subfield code="a">IN-2113</subfield>
    <subfield code="b">&#x20B9;600.00</subfield>
    <subfield code="c">&#x20B9;</subfield>
    <subfield code="d">&#x20B9;750.00</subfield>
    <subfield code="e">0%</subfield>
    <subfield code="f">14-11-2024</subfield>
  </datafield>
  <datafield tag="520" ind1=" " ind2=" ">
    <subfield code="a">Biotechnology &#x2013; A Problem Approach is a comprehensive textbook that covers fundamental concepts, methodologies, and applications in biotechnology. This book offers a well-rounded introduction to key areas of the subject, including Biomolecules and Catalysis, Bioenergetics and Metabolism, Cell Structure and Functions, Immunology, Genetics, Bioinformatics, and Bioprocess Engineering. The chapters are thoughtfully selected to provide a focused yet comprehensive overview without overwhelming readers with excessive detail. The content is enhanced with clear explanations supported by flow charts, figures, and tables, facilitating easy and compelling learning. Self-tests and questions at the end of each chapter help readers assess their understanding and reinforce key concepts. Designed for BSc and MSc Biotechnology students, as well as those preparing for GATE Biotechnology and DBT-JRF exams, this book serves as a valuable resource for a deep understanding of biotechnology principles.</subfield>
  </datafield>
  <datafield tag="650" ind1=" " ind2=" ">
    <subfield code="a">Biotechnology</subfield>
    <subfield code="9">186563</subfield>
  </datafield>
  <datafield tag="650" ind1=" " ind2=" ">
    <subfield code="a">Revised and updated</subfield>
    <subfield code="9">186564</subfield>
  </datafield>
  <datafield tag="650" ind1=" " ind2=" ">
    <subfield code="a">ed 6</subfield>
    <subfield code="9">186565</subfield>
  </datafield>
  <datafield tag="700" ind1=" " ind2=" ">
    <subfield code="a">Verma, Praveen</subfield>
    <subfield code="9">186567</subfield>
  </datafield>
  <datafield tag="700" ind1=" " ind2=" ">
    <subfield code="a">Mina, Usha</subfield>
    <subfield code="9">186568</subfield>
  </datafield>
  <datafield tag="942" ind1=" " ind2=" ">
    <subfield code="2">ddc</subfield>
    <subfield code="c">BK</subfield>
  </datafield>
  <datafield tag="999" ind1=" " ind2=" ">
    <subfield code="c">231999</subfield>
    <subfield code="d">231999</subfield>
  </datafield>
  <datafield tag="952" ind1=" " ind2=" ">
    <subfield code="0">0</subfield>
    <subfield code="1">0</subfield>
    <subfield code="2">ddc</subfield>
    <subfield code="4">0</subfield>
    <subfield code="7">3</subfield>
    <subfield code="8">BT</subfield>
    <subfield code="a">AL</subfield>
    <subfield code="b">AL</subfield>
    <subfield code="c">RS</subfield>
    <subfield code="d">2024-11-20</subfield>
    <subfield code="e">amazon.in</subfield>
    <subfield code="g">600.00</subfield>
    <subfield code="l">2</subfield>
    <subfield code="o">620.8 KUMB</subfield>
    <subfield code="p">077412</subfield>
    <subfield code="r">2025-02-04 00:00:00</subfield>
    <subfield code="s">2025-01-25</subfield>
    <subfield code="v">750.00</subfield>
    <subfield code="w">2024-11-26</subfield>
    <subfield code="y">REF</subfield>
  </datafield>
</record>
